| 000 | 00462nam a2200157 i 4500 | ||
|---|---|---|---|
| 001 | 28801 | ||
| 003 | ES-MaACL | ||
| 005 | 20230906153930.0 | ||
| 007 | t| | ||
| 008 | 030120s1914 it ||||1| ita d | ||
| 100 | 1 |
_aBarbagallo, Corrado. _925377 |
|
| 245 | 1 | 0 |
_aManuale di Storia del Medioevo _b: (dal 476 al 1313) / _cCorrado Barbagallo. |
| 260 |
_aRoma : _b[s.n., _c1914] ( _fRiccardo Garroni) |
||
| 300 |
_aVII, 208 p. ; _c21 cm. |
||
| 852 |
_aES-MaACL _jF-11637 |
||
| 999 |
_c28801 _d28801 |
||